Statystyki dla Podział administracyjny Polski w 1764

Kliknij tutaj aby rozwiązać quiz!

Ogólne statystyki

  • Ten quiz został rozwiązany 127 razy
  • Średni wynik to 23 z 33

Statystyki odpowiedzi

MiastoWojewództwo% Poprawnych
PoznańPoznańskie
94%
KrakówKrakowskie
87%
SandomierzSandomierskie
87%
PłockPłockie
86%
KaliszKaliskie
85%
KijówKijowskie
85%
MińskMińskie
83%
SieradzSieradzkie
83%
LublinLubelskie
82%
RawaRawskie
82%
InowrocławInowrocławskie
81%
ŁęczycaŁęczyckie
81%
MalborkMalborskie
81%
SmoleńskSmoleńśkie
81%
WarszawaMazowieckie
76%
NowogródekNowogródzkie
75%
PołockPołockie
74%
BracławBracławskie
73%
WitebskWitebskie
73%
TrokiTrockie
72%
ParnawaParnawskie
71%
WilnoWileńskie
71%
MścisławMścisławskie
67%
ChełmnoChełmińskie
65%
CzernihówCzernihowskie
61%
Kamieniec PodolskiPodolskie
57%
DorpatDorpackie
54%
Wenden/KieśWendeńskie
49%
ŁuckWołyńskie
38%
LwówRuskie
37%
Brześć LitewskiBrzesko-Litewskie
36%
BełzBełskie
34%
SkarszewyPomorskie
34%

Rozkład punktacji

Percentyl według liczby udzielonych odpowiedzi

Procent ludzi z każdym wynikiem

Twoja historia wyników

Nie rozwiązałeś tego quizu